000 00712nam a22002537a 4500
003 UA-OsUOA
001 40122
007 ta
008 20060714b un ||||| |||| 00| 0 ukr d
100 _aАзаров Ю.І.
700 _aЗайка С.О.
090 _a343.13(477)
_bК82
942 _cBK
040 _aUA-OsUOA
_bukr
_cUA-OsUOA
_dUA-OsUOA
245 _aКримінально-процесуальне право України
300 _a104 с.
955 _a2
041 _aukr
080 _a343.13(477)
020 _a966-8037-15-4
260 _aК.
_bВид. ПАЛИВОДА
_c2003
650 7 _a343 Кримінальне право. Карні порушення
_2UDC
999 _c326263
_d326263